INGLES AMERICANO PARA TODOS (Registro nro. 2048)

Detalles MARC
000 -LEADER
fixed length control field 00706nam a22001817a 4500
003 - CONTROL NUMBER IDENTIFIER
control field OSt
005 - DATE AND TIME OF LATEST TRANSACTION
control field 20260407122953.0
008 - FIXED-LENGTH DATA ELEMENTS--GENERAL INFORMATION
fixed length control field 260407b |||||||| |||| 00| 0 SPA d
082 ## - DEWEY DECIMAL CLASSIFICATION NUMBER
Edition number 2298024157
100 ## - MAIN ENTRY--PERSONAL NAME
Personal name BABEL IDIOMAS
245 ## - TITLE STATEMENT
Title INGLES AMERICANO PARA TODOS
260 ## - PUBLICATION, DISTRIBUTION, ETC.
Place of publication, distribution, etc. JESUS MARIA - PERU
Name of publisher, distributor, etc. BABEL IDIOMAS
Date of publication, distribution, etc. 2000
300 ## - PHYSICAL DESCRIPTION
Extent 318 PAG
Dimensions LIBRO DE BOLSILLO
490 ## - SERIES STATEMENT
Materials specified HOJA RUSTICA BLANDA
520 ## - SUMMARY, ETC.
Summary, etc. Aprende el inglés americano de una forma rápida , sencilla y eficaz , con el método cotidiano Metodo que expresa las circunstancias reales de la vida diaria en los EE.UU.
650 ## - SUBJECT ADDED ENTRY--TOPICAL TERM
Topical term or geographic name entry element INGLES AMERICANO PARA TODOS
Form subdivision LUGARES TEMATICOS
General subdivision PRONUNCIACION FLUIDA
942 ## - ADDED ENTRY ELEMENTS (KOHA)
Source of classification or shelving scheme Dewey Decimal Classification
Koha item type Acceso Libre
Suppress in OPAC No
Existencias
Withdrawn status Lost status Source of classification or shelving scheme Damaged status Not for loan Collection Home library Current library Shelving location Date acquired Source of acquisition Coded location qualifier Inventory number Total checkouts Full call number Barcode Date last seen Copy number Price effective from Koha item type
    Dewey Decimal Classification     Estantería E Fila 3 Biblioteca Stanford Biblioteca Stanford Biblioteca Abierta 07.04.2026 IDIOMAS 0472 0472   INGLES IDIOMA0472 07.04.2026 1 07.04.2026 Acceso Libre
Bienvenido a nuestra Biblioteca